[Event "33rd Leon Blitz Open 2020"]
[Site "chess.com INT"]
[Date "2020.07.14"]
[Round "4"]
[White "Nikitenko, Mihail"]
[Black "Eswaran, Ashritha"]
[Result "1-0"]
[WhiteTitle "IM"]
[BlackTitle "WIM"]
[WhiteElo "2436"]
[BlackElo "2244"]
[WhiteFideId "13506862"]
[BlackFideId "2080788"]
[EventDate "2020.07.14"]
[EventType "blitz"]

1. e4 c5 2. Nf3 a6 3. c4 e6 4. Nc3 d6 5. d4 cxd4 6. Nxd4 b6 7. Be2 Bb7 8. Be3
Nf6 9. f3 Be7 10. Qd2 Nbd7 11. a3 O-O 12. b4 Qc7 13. Rc1 Rac8 14. O-O Qb8 15.
Nb3 Bd8 16. Rfd1 Bc7 17. Bf4 Ne8 18. Kh1 Kh8 19. Bg3 Ndf6 20. Qe3 Nh5 21. Bf2 d5
22. cxd5 Bxh2 23. g4 Bf4 24. Qxb6 Ng3+ 25. Bxg3 Bxg3 26. Nc5 Bf2 27. d6 Ba8 28.
Qxb8 Rxb8 29. Nd7 Nf6 30. Nxb8 Rxb8 31. d7 Rd8 32. Na4 Bb7 33. Nc5 Bxc5 34. Rxc5
Nxd7 35. Rc7 Bc8 36. b5 axb5 37. Bxb5 1-0

[Event "33rd Leon Blitz Open 2020"]
[Site "chess.com INT"]
[Date "2020.07.14"]
[Round "4"]
[White "Mohammad, Nubairshah Shaikh"]
[Black "Perez Molina, Robinson"]
[Result "1-0"]
[WhiteTitle "IM"]
[BlackTitle "FM"]
[WhiteElo "2445"]
[BlackElo "2240"]
[WhiteFideId "5053196"]
[BlackFideId "3403882"]
[EventDate "2020.07.14"]
[EventType "blitz"]

1. c4 c6 2. Nf3 d5 3. g3 Nf6 4. Bg2 dxc4 5. O-O Nbd7 6. a4 a5 7. Na3 Nb6 8. Qc2
Be6 9. Ng5 Bg4 10. Re1 h6 11. Nf3 Be6 12. Ne5 Qd4 13. Nf3 Qd7 14. d3 cxd3 15.
exd3 Bf5 16. Ne5 Qc8 17. Nac4 Nbd5 18. Ng6 Bxg6 19. Nd6+ Kd7 20. Nxc8 Rxc8 21.
Bd2 Ra8 22. Rad1 e6 23. Be4 Bh5 24. Rc1 Be7 25. Qb3 Rhb8 26. h3 Nxe4 27. dxe4
Nb4 28. g4 Bg6 29. Red1 Ke8 30. f3 Rd8 31. Bf4 Rxd1+ 32. Rxd1 Rd8 33. Kg2 Rxd1
34. Qxd1 f6 35. Bc7 Na6 36. Bxa5 e5 37. Bb6 Bf7 38. h4 Be6 39. Be3 Nb4 40. Qd2
Bc4 41. g5 hxg5 42. hxg5 Bb3 43. Qe1 Bxa4 44. Qh1 Bb3 45. Qh8+ Kf7 46. g6+ 1-0

[Event "33rd Leon Blitz Open 2020"]
[Site "chess.com INT"]
[Date "2020.07.14"]
[Round "4"]
[White "Doluhanova, Evgeniya"]
[Black "Djokic, Mihailo"]
[Result "0-1"]
[WhiteTitle "WGM"]
[BlackTitle "FM"]
[WhiteElo "2229"]
[BlackElo "2232"]
[WhiteFideId "14112035"]
[BlackFideId "976440"]
[EventDate "2020.07.14"]
[EventType "blitz"]

1. Nf3 Nf6 2. b3 g6 3. Bb2 Bg7 4. e3 d6 5. Be2 O-O 6. O-O c5 7. c4 Nc6 8. Nc3 e5
9. d4 cxd4 10. exd4 e4 11. Ng5 Re8 12. d5 Nb8 13. f3 exf3 14. Nxf3 Ng4 15. Qd2
Qb6+ 16. Kh1 Nf2+ 17. Rxf2 Qxf2 18. Rf1 Qe3 19. Re1 Qxd2 20. Nxd2 Bg4 21. Nde4
Bxe2 22. Rxe2 Nd7 23. Kg1 f5 24. Ng3 Nc5 25. Kf1 f4 26. Nh1 Rxe2 27. Kxe2 Re8+
28. Kd2 Bxc3+ 29. Bxc3 Ne4+ 30. Kd3 Nxc3 31. Kxc3 Re2 32. Kd3 Rxg2 33. Ke4 Rxh2
34. c5 dxc5 35. d6 Rxh1 36. d7 Rd1 0-1

[Event "33rd Leon Blitz Open 2020"]
[Site "chess.com INT"]
[Date "2020.07.14"]
[Round "4"]
[White "Amin, Bassem"]
[Black "Chigaev, Maksim"]
[Result "0-1"]
[WhiteTitle "GM"]
[BlackTitle "GM"]
[WhiteElo "2686"]
[BlackElo "2588"]
[WhiteFideId "10601457"]
[BlackFideId "4108116"]
[EventDate "2020.07.14"]
[EventType "blitz"]

1. e4 e5 2. Nf3 Nc6 3. Bc4 Nf6 4. d3 h6 5. O-O Bc5 6. c3 d6 7. Re1 a6 8. Nbd2
Ba7 9. Bb3 g5 10. Nc4 g4 11. Nfd2 h5 12. Nf1 h4 13. Be3 h3 14. g3 d5 15. exd5
Qxd5 16. f3 gxf3 17. Nd6+ Qxd6 18. Qxf3 Bg4 19. Qf2 Bxe3 20. Nxe3 O-O-O 21. Rf1
Rh6 22. Bxf7 Kb8 23. b4 Bc8 24. a4 Ng4 25. Nxg4 Bxg4 26. b5 Ne7 27. bxa6 Qxa6
28. Bc4 Qa7 29. a5 Qxf2+ 30. Rxf2 Be6 0-1

[Event "33rd Leon Blitz Open 2020"]
[Site "chess.com INT"]
[Date "2020.07.14"]
[Round "4"]
[White "Jaracz, Pawel"]
[Black "Palchuk, Andrii"]
[Result "1-0"]
[WhiteTitle "GM"]
[BlackTitle "FM"]
[WhiteElo "2456"]
[BlackElo "2183"]
[WhiteFideId "1102222"]
[BlackFideId "14176688"]
[EventDate "2020.07.14"]
[EventType "blitz"]

1. d4 Nf6 2. c4 e6 3. Nf3 b6 4. a3 Bb7 5. Nc3 c5 6. d5 exd5 7. cxd5 d6 8. e4 g6
9. Bf4 a6 10. Bd3 Bg7 11. O-O O-O 12. Qd2 Re8 13. Rfe1 b5 14. b4 cxb4 15. axb4
Ng4 16. Bf1 Qb6 17. Rac1 Nd7 18. h3 Nge5 19. Nd4 Nc4 20. Bxc4 Bxd4 21. Bf1 Rac8
22. Red1 Be5 23. Be3 Qd8 24. Ne2 Rxc1 25. Rxc1 Nb6 26. Nd4 Qh4 27. Rc7 Qxe4 28.
Rxb7 Nxd5 29. Bd3 Qh4 30. Nf3 Qf6 31. Nxe5 Qxe5 32. Bh6 Rc8 33. Be2 Nf6 34. Bf3
d5 35. Be3 Qa1+ 36. Kh2 Qe5+ 37. Bf4 Qf5 38. Qd4 h5 39. Qe5 Rc4 40. Qxf5 gxf5
41. Be5 Ne4 42. Bxh5 Rxb4 43. Bxf7+ Kf8 44. Bxd5 a5 45. f3 1-0

[Event "33rd Leon Blitz Open 2020"]
[Site "chess.com INT"]
[Date "2020.07.14"]
[Round "4"]
[White "Zverev, Lev"]
[Black "Nurmanova, Alua"]
[Result "1-0"]
[WhiteTitle "CM"]
[BlackTitle "WFM"]
[WhiteElo "2087"]
[BlackElo "2026"]
[WhiteFideId "24250775"]
[BlackFideId "13729390"]
[EventDate "2020.07.14"]
[EventType "blitz"]

1. g4 d5 2. h3 e5 3. Bg2 Nc6 4. c4 Be6 5. cxd5 Bxd5 6. e4 Bc4 7. a3 Nd4 8. d3
Bb3 9. Qd2 Nc2+ 10. Kf1 Nxa1 11. Ne2 a5 12. f4 exf4 13. Nxf4 Bc5 14. Nc3 Ne7 15.
Nce2 O-O 16. Qc3 Qd6 17. e5 Qb6 18. d4 Bxd4 19. Nxd4 Rad8 20. Be3 c5 21. Nde2
Rd1+ 22. Kf2 Rxh1 23. Bxh1 Rc8 24. Be4 Be6 25. Nxe6 fxe6 26. Qd3 Qb3 27. Qd7
Rf8+ 28. Nf4 Qxb2+ 29. Kg3 Qxe5 30. Qxe6+ Qxe6 31. Nxe6 Rf1 32. Nxc5 b6 33. Nd3
Nc2 34. Bxb6 a4 35. Bc5 Ra1 36. Bxe7 Nxa3 37. Ne5 Nb5 38. Bd5+ Kh8 39. Nf7+ Kg8
40. Nd6+ 1-0

[Event "33rd Leon Blitz Open 2020"]
[Site "chess.com INT"]
[Date "2020.07.14"]
[Round "4"]
[White "Yanchenko, Roman"]
[Black "Nguyen, Ngoc Truong Son"]
[Result "0-1"]
[WhiteTitle "FM"]
[BlackTitle "GM"]
[WhiteElo "2467"]
[BlackElo "2641"]
[WhiteFideId "4137329"]
[BlackFideId "12401110"]
[EventDate "2020.07.14"]
[EventType "blitz"]

1. d4 Nf6 2. Nc3 d5 3. Bf4 c6 4. e3 Bf5 5. Nf3 e6 6. Ne5 Nbd7 7. g4 Bg6 8. h4 h6
9. Nxg6 fxg6 10. Bd3 Kf7 11. Qf3 Bb4 12. Kd2 Bxc3+ 13. bxc3 Ne4+ 14. Bxe4 dxe4
15. Qxe4 Nf6 16. Qf3 Qd5 17. Qxd5 exd5 18. f3 h5 19. g5 Nd7 20. e4 Nb6 21. Rab1
Nc4+ 22. Kd3 b6 23. a4 Rhf8 24. Bg3 Ke6 25. f4 Kd7 26. Rhe1 Rae8 27. Re2 Re7 28.
Rb4 Rfe8 29. e5 Na5 30. f5 gxf5 31. Rf2 g6 32. Bf4 Ke6 33. Rf1 Rc8 34. Rfb1 Rec7
35. Be3 f4 36. Bxf4 Rf7 37. Be3 Rcf8 38. Rh1 Rf3 39. Rbb1 Nc4 40. Rbe1 Rg3 41.
Rhg1 Rxe3+ 42. Rxe3 Rf2 43. Rd1 Nb2# 0-1

[Event "33rd Leon Blitz Open 2020"]
[Site "chess.com INT"]
[Date "2020.07.14"]
[Round "4"]
[White "Sadovsky, Artem"]
[Black "Rom, Jasper"]
[Result "1-0"]
[WhiteTitle "IM"]
[WhiteElo "2421"]
[BlackElo "2202"]
[WhiteFideId "4155840"]
[BlackFideId "2023733"]
[EventDate "2020.07.14"]
[EventType "blitz"]

1. Nf3 d5 2. c4 e6 3. b3 Nf6 4. Bb2 Be7 5. g3 b6 6. Bg2 Bb7 7. O-O O-O 8. d3 Na6
9. Nbd2 c5 10. Qc2 Bd6 11. Rad1 d4 12. e3 e5 13. exd4 exd4 14. Ng5 Bxg2 15. Kxg2
Re8 16. Rde1 Qd7 17. Nge4 Qc6 18. a3 Nxe4 19. dxe4 Rad8 20. Qd3 Nc7 21. f4 f6
22. Kg1 Ne6 23. e5 fxe5 24. f5 Ng5 25. Ne4 Be7 26. Bc1 Nxe4 27. Rxe4 Bf6 28. g4
h6 29. Rfe1 a6 30. a4 Rb8 31. Qg3 b5 32. axb5 axb5 33. h4 bxc4 34. bxc4 Qa4 35.
g5 Rb3 36. Qg4 hxg5 37. hxg5 Bd8 38. Qh5 Rf8 39. g6 Rg3+ 40. Kh2 1-0

[Event "33rd Leon Blitz Open 2020"]
[Site "chess.com INT"]
[Date "2020.07.14"]
[Round "4"]
[White "Bujisho, Benjamin"]
[Black "Onischuk, Vladimir"]
[Result "0-1"]
[WhiteTitle "IM"]
[BlackTitle "GM"]
[WhiteElo "2290"]
[BlackElo "2633"]
[WhiteFideId "608610"]
[BlackFideId "14114038"]
[EventDate "2020.07.14"]
[EventType "blitz"]

1. d4 d6 2. c4 e5 3. Nf3 e4 4. Ng5 Nf6 5. Nc3 Qe7 6. g3 h6 7. Nh3 g5 8. Ng1 Bg7
9. Bg2 Bf5 10. h4 c6 11. hxg5 hxg5 12. Rxh8+ Bxh8 13. Bxg5 Nbd7 14. e3 O-O-O 15.
Nge2 Rg8 16. Bf4 Ng4 17. Qc2 Ndf6 18. d5 c5 19. Nb5 Ne5 20. Nxa7+ Kb8 21. Nb5
Nd3+ 22. Kf1 Nxf4 23. Nxf4 Bd7 24. a4 Re8 25. a5 Bxb5 26. cxb5 Ng4 27. b6 Qd7
28. Bh3 Qb5+ 29. Kg2 Ne5 30. a6 bxa6 31. b4 Nd3 32. Rb1 Nxb4 33. Bf5 Nxc2 0-1

[Event "33rd Leon Blitz Open 2020"]
[Site "chess.com INT"]
[Date "2020.07.14"]
[Round "4"]
[White "Franco Valencia, Angela"]
[Black "Altman, Joshua"]
[Result "1-0"]
[WhiteTitle "WIM"]
[BlackTitle "CM"]
[WhiteElo "2089"]
[BlackElo "1926"]
[WhiteFideId "4403070"]
[BlackFideId "426210"]
[EventDate "2020.07.14"]
[EventType "blitz"]

1. e4 e6 2. d4 d5 3. Nd2 Nf6 4. e5 Nfd7 5. Bd3 c5 6. c3 Nc6 7. Ne2 Qb6 8. Nf3
cxd4 9. cxd4 f6 10. exf6 Nxf6 11. O-O Bd6 12. Bg5 O-O 13. Qb1 h6 14. Bh4 Bd7 15.
Rd1 Be8 16. Ng3 Bf4 17. Bg6 Bxg3 18. Bxg3 Bxg6 19. Qxg6 Ne7 20. Qc2 Rac8 21. Qe2
Ne4 22. Be5 Ng6 23. Rac1 Nxe5 24. dxe5 Rce8 25. Rc2 Rf5 26. Rdc1 Ref8 27. Rc8
Kh7 28. Rxf8 Rxf8 29. h3 Qa5 30. a3 Qb6 31. Rc2 Qb3 32. Nd4 Qb6 33. Nf3 Qb3 34.
Nd4 Qa2 35. f3 Qb1+ 36. Kh2 Ng5 37. h4 Nf7 38. Nxe6 Re8 39. Qd3+ Kh8 40. Qg6
Rxe6 41. Rc8+ 1-0

[Event "33rd Leon Blitz Open 2020"]
[Site "chess.com INT"]
[Date "2020.07.14"]
[Round "4"]
[White "Wagh, Suyog"]
[Black "Primbetov, Kazbek"]
[Result "1-0"]
[WhiteTitle "FM"]
[BlackTitle "FM"]
[WhiteElo "2246"]
[BlackElo "2207"]
[WhiteFideId "25071688"]
[BlackFideId "13702297"]
[EventDate "2020.07.14"]
[EventType "blitz"]

1. Nf3 Nf6 2. g3 g6 3. Bg2 c5 4. O-O Bg7 5. c4 Nc6 6. Nc3 O-O 7. d4 cxd4 8. Nxd4
Ng4 9. e3 Nge5 10. b3 d6 11. Bb2 Bg4 12. f3 Bd7 13. h3 Nb4 14. Rb1 Qc8 15. Kh2
Nbd3 16. Ba1 Nc5 17. Nd5 Re8 18. e4 e6 19. Ne3 a6 20. Qd2 Bh6 21. f4 Nc6 22. Ne2
e5 23. Qxd6 Bf8 24. Qd2 exf4 25. Nxf4 Nxe4 26. Qb2 f6 27. Bxe4 Bg7 28. Bd5+ Kh8
29. Qxf6 Re7 30. Nxg6+ hxg6 31. Qh4# 1-0

[Event "33rd Leon Blitz Open 2020"]
[Site "chess.com INT"]
[Date "2020.07.14"]
[Round "4"]
[White "Khachatryan, Anna"]
[Black "Sukandar, Irine Kharisma"]
[Result "1-0"]
[WhiteTitle "WFM"]
[BlackTitle "IM"]
[WhiteElo "2071"]
[BlackElo "2413"]
[WhiteFideId "13310780"]
[BlackFideId "7101937"]
[EventDate "2020.07.14"]
[EventType "blitz"]

1. e4 c5 2. Nf3 Nc6 3. Bb5 d6 4. Bxc6+ bxc6 5. e5 g6 6. O-O Bg7 7. Re1 d5 8. d3
Ba6 9. Nc3 c4 10. d4 Nh6 11. Bg5 O-O 12. Na4 f6 13. Bf4 Bc8 14. Qd2 Nf7 15. Nc5
fxe5 16. Nxe5 Qb6 17. c3 Nxe5 18. Bxe5 Bxe5 19. Rxe5 Rb8 20. Na4 Qb5 21. Rxe7
Rb7 22. Rxb7 Bxb7 23. Nc5 Bc8 24. Re1 Bf5 25. h3 Qa5 26. b4 Qc7 27. Qe3 Rf7 28.
Qe8+ Kg7 29. g4 Bc2 30. Ne6+ 1-0

[Event "33rd Leon Blitz Open 2020"]
[Site "chess.com INT"]
[Date "2020.07.14"]
[Round "4"]
[White "Shtembuliak, Evgeny"]
[Black "Williams, Simon K"]
[Result "1-0"]
[WhiteTitle "GM"]
[BlackTitle "GM"]
[WhiteElo "2620"]
[BlackElo "2464"]
[WhiteFideId "14113325"]
[BlackFideId "404454"]
[EventDate "2020.07.14"]
[EventType "blitz"]

1. c4 f5 2. Nc3 Nf6 3. d4 e6 4. a3 Be7 5. Nf3 O-O 6. Bf4 b6 7. e3 Bb7 8. Be2 a5
9. h3 Ne4 10. Nxe4 fxe4 11. Nd2 Bg5 12. Bh2 c5 13. dxc5 bxc5 14. O-O a4 15. b4
d5 16. cxd5 exd5 17. bxc5 Nc6 18. Rb1 Rf7 19. Rb6 Bf6 20. Nxe4 dxe4 21. Bc4 Qc8
22. Qh5 g6 23. Bxf7+ Kxf7 24. Qxh7+ Bg7 25. Rfb1 Ba6 26. Bf4 Ne7 27. Be5 Nf5 28.
Qxg6+ Kg8 29. Rb8 1-0

[Event "33rd Leon Blitz Open 2020"]
[Site "chess.com INT"]
[Date "2020.07.14"]
[Round "4"]
[White "Gabrielian, Artur"]
[Black "Matlakov, Maxim"]
[Result "1-0"]
[WhiteTitle "GM"]
[BlackTitle "GM"]
[WhiteElo "2463"]
[BlackElo "2685"]
[WhiteFideId "4131002"]
[BlackFideId "4168003"]
[EventDate "2020.07.14"]
[EventType "blitz"]

1. e4 c5 2. Nc3 e6 3. Nge2 Nc6 4. g3 d5 5. Bg2 d4 6. Nb1 d3 7. cxd3 Nb4 8. Nf4
Nxd3+ 9. Nxd3 Qxd3 10. Nc3 Nf6 11. Bf1 Qd8 12. Bg2 e5 13. O-O Bd6 14. d3 h6 15.
h3 O-O 16. Be3 b6 17. a4 a5 18. Kh1 Ba6 19. Nb5 Bxb5 20. axb5 Qd7 21. Qb3 Ne8
22. f4 Nc7 23. f5 Qxb5 24. Qd1 f6 25. g4 Rad8 26. Qc2 Be7 27. Rad1 Qd7 28. h4
Kh8 29. Bf3 Na6 30. Qg2 Nb4 31. g5 fxg5 32. hxg5 Bxg5 33. Bxg5 hxg5 34. Bh5 Rf6
35. Bg6 Kg8 36. Qh2 Qc6 37. Qh7+ Kf8 38. Qh8+ Ke7 39. Qxg7+ 1-0

[Event "33rd Leon Blitz Open 2020"]
[Site "chess.com INT"]
[Date "2020.07.14"]
[Round "4"]
[White "Serreau, David"]
[Black "Gurevich, Dmitry"]
[Result "1/2-1/2"]
[WhiteTitle "CM"]
[BlackTitle "GM"]
[WhiteElo "2155"]
[BlackElo "2399"]
[WhiteFideId "631957"]
[BlackFideId "2000407"]
[EventDate "2020.07.14"]
[EventType "blitz"]

1. Nf3 Nf6 2. c4 c5 3. g3 b6 4. Bg2 Bb7 5. O-O g6 6. b3 d5 7. cxd5 Bg7 8. Bb2
O-O 9. Qc2 Qxd5 10. Nh4 Qd7 11. Bxb7 Qxb7 12. Nc3 Nc6 13. d3 Rac8 14. e3 Rfd8
15. Rad1 Qd7 16. Nf3 Qg4 17. Qe2 Rd7 18. Rd2 Rcd8 19. Rfd1 Bh6 20. Kg2 Qe6 21.
d4 cxd4 22. Nxd4 Nxd4 23. Rxd4 Rxd4 24. Rxd4 Rxd4 25. exd4 Qxe2 26. Nxe2 Bd2 27.
Bc1 Bxc1 28. Nxc1 Nd5 29. Kf3 f6 30. Ke4 e6 31. f4 Kf7 32. Kd3 Ke7 33. a3 Kd6
34. Ne2 h5 35. Ke4 a5 36. Kd3 Kc6 37. Nc3 Nxc3 38. Kxc3 Kd5 39. Kd3 b5 40. h3 g5
41. fxg5 fxg5 42. Ke3 h4 43. gxh4 gxh4 44. Kd3 1/2-1/2

[Event "33rd Leon Blitz Open 2020"]
[Site "chess.com INT"]
[Date "2020.07.14"]
[Round "4"]
[White "Kuzubov, Yuriy"]
[Black "Plat, Vojtech"]
[Result "1-0"]
[WhiteTitle "GM"]
[BlackTitle "GM"]
[WhiteElo "2643"]
[BlackElo "2562"]
[WhiteFideId "14112906"]
[BlackFideId "325740"]
[EventDate "2020.07.14"]
[EventType "blitz"]

1. d4 d6 2. Nf3 Bg4 3. c4 c6 4. Nc3 Nd7 5. e4 e5 6. d5 Ngf6 7. Be2 a5 8. Be3 Be7
9. Nd2 Bxe2 10. Qxe2 a4 11. O-O O-O 12. b4 Qc7 13. Rac1 Rfc8 14. a3 c5 15. Qd3
cxb4 16. axb4 a3 17. Nb5 Qd8 18. Nxa3 Ng4 19. Nb5 Nxe3 20. Qxe3 Ra2 21. Nf3 g5
22. h3 h5 23. Qb3 Re2 24. Qd3 Ra2 25. Ra1 Rca8 26. Rxa2 Rxa2 27. Nh2 Qb6 28. Qf3
Nf6 29. Qf5 Nh7 30. h4 Rc2 31. Qc8+ Kg7 32. Nc7 Qd4 33. Ne8+ Kh6 34. Qf5 f6 35.
Qe6 Bd8 36. Qf7 1-0

[Event "33rd Leon Blitz Open 2020"]
[Site "chess.com INT"]
[Date "2020.07.14"]
[Round "4"]
[White "Titichoca Daza, Daniel"]
[Black "Manolache, Marius"]
[Result "0-1"]
[WhiteTitle "CM"]
[BlackTitle "GM"]
[WhiteElo "2090"]
[BlackElo "2541"]
[WhiteFideId "3309550"]
[BlackFideId "1201530"]
[EventDate "2020.07.14"]
[EventType "blitz"]

1. c4 Nf6 2. g3 e6 3. Bg2 d5 4. Nf3 Nbd7 5. b3 a5 6. O-O Be7 7. Bb2 O-O 8. d3 a4
9. Nbd2 c6 10. Rc1 axb3 11. axb3 Nc5 12. Ra1 Bd7 13. Ne5 Na6 14. Bc3 Qb6 15. Qc2
Rfc8 16. Qb2 Bf8 17. Ba5 Qa7 18. Bc3 Qb8 19. b4 Be8 20. e4 d4 21. Bxd4 Nxb4 22.
Rxa8 Qxa8 23. Ra1 Qb8 24. Bc3 Na6 25. h3 Nc5 26. d4 Ncd7 27. Nef3 h6 28. e5 Nh7
29. Ne4 Be7 30. Bb4 c5 31. dxc5 Nxc5 32. Nxc5 Bxc5 33. Bxc5 Rxc5 34. Qd4 Rc7 35.
Qd6 Qc8 36. Ra8 Qxa8 37. Qxc7 Bc6 38. h4 Qa1+ 39. Kh2 Nf8 40. h5 Qa2 41. c5 Qxf2 0-1

[Event "33rd Leon Blitz Open 2020"]
[Site "chess.com INT"]
[Date "2020.07.14"]
[Round "4"]
[White "Gazik, Viktor"]
[Black "Munkhzul, Turmunkh"]
[Result "1-0"]
[WhiteTitle "IM"]
[BlackTitle "WIM"]
[WhiteElo "2502"]
[BlackElo "2278"]
[WhiteFideId "14928752"]
[BlackFideId "4901878"]
[EventDate "2020.07.14"]
[EventType "blitz"]

1. e4 c5 2. Nc3 Nc6 3. Bb5 Nd4 4. Bc4 e6 5. Nf3 Nf6 6. O-O a6 7. d3 b5 8. Bb3
Nxb3 9. axb3 Bb7 10. e5 b4 11. Nb1 Nd5 12. Nbd2 Be7 13. Nc4 Nb6 14. Na5 Bd5 15.
Bf4 O-O 16. Qe2 d6 17. Rfe1 dxe5 18. Nxe5 Bf6 19. Qh5 Nd7 20. Nac6 Qc8 21. Nxd7
Qxd7 22. Ne5 Qb7 23. Re3 g6 24. Ng4 gxh5 25. Nxf6+ Kg7 26. Be5 Kg6 27. Rg3+ Kf5
28. f4 h6 29. Rg7 Qe7 30. Nxh5 Qh4 31. Ng3+ Qxg3 32. hxg3 1-0

[Event "33rd Leon Blitz Open 2020"]
[Site "chess.com INT"]
[Date "2020.07.14"]
[Round "4"]
[White "Pham, Le Thao Nguyen"]
[Black "Asadli, Vugar"]
[Result "1-0"]
[WhiteTitle "IM"]
[BlackTitle "GM"]
[WhiteElo "2366"]
[BlackElo "2572"]
[WhiteFideId "12401226"]
[BlackFideId "13405764"]
[EventDate "2020.07.14"]
[EventType "blitz"]

1. Nf3 Nf6 2. d4 e6 3. Bg5 d5 4. e3 h6 5. Bh4 Be7 6. Nbd2 b6 7. Bd3 Bb7 8. Ne5
O-O 9. O-O c5 10. c3 Nfd7 11. Bxe7 Qxe7 12. f4 Nc6 13. Qh5 f6 14. Qg6 f5 15.
Ndf3 Ndxe5 16. Nxe5 Nxe5 17. fxe5 Bc6 18. Rxf5 exf5 19. Qxc6 Rad8 20. Rf1 Qg5
21. Rf4 Qh5 22. Rf3 c4 23. Qe6+ Kh8 24. Bxf5 Qe8 25. Qxe8 Rfxe8 26. h4 Kg8 27.
h5 Re7 28. Kh2 b5 29. a3 a5 30. e4 dxe4 31. Bxe4 b4 32. axb4 axb4 33. Kh3 b3 34.
Rf2 Rf7 35. Re2 Rf4 36. g3 Rf1 37. d5 Kf7 38. Bg6+ Ke7 39. Be4 Rd1 40. Kg4 Rf1
41. Kh3 Kd7 42. g4 Re8 43. Bf5+ Kc7 44. d6+ Kc6 45. d7 Ra8 46. e6 Rxf5 47. gxf5
Kd6 48. Rd2+ Ke7 49. d8=Q+ Rxd8 50. Rxd8 Kxd8 51. Kg4 Ke7 52. Kf4 Kf6 53. Ke4 g5
54. fxg6 Kxe6 55. Kd4 Kf6 56. Kxc4 Kg7 57. Kxb3 Kf6 1-0

[Event "33rd Leon Blitz Open 2020"]
[Site "chess.com INT"]
[Date "2020.07.14"]
[Round "4"]
[White "Matveev, Vladimir3"]
[Black "Tay, Junior"]
[Result "0-1"]
[WhiteTitle "FM"]
[BlackTitle "CM"]
[WhiteElo "2368"]
[BlackElo "2230"]
[WhiteFideId "24130753"]
[BlackFideId "5800439"]
[EventDate "2020.07.14"]
[EventType "blitz"]

1. d4 d5 2. c4 e6 3. Nf3 c5 4. g3 Nc6 5. Bg2 Nf6 6. O-O cxd4 7. Nxd4 Bc5 8. Nb3
Bb6 9. cxd5 exd5 10. Bg5 O-O 11. Nc3 Be6 12. Rc1 Re8 13. Na4 h6 14. Bf4 g5 15.
Bd2 Bg4 16. Bf3 Bxf3 17. exf3 d4 18. Nac5 Qe7 19. Re1 Qc7 20. Nd3 Rxe1+ 21. Qxe1
Re8 22. Qf1 Qd7 23. Re1 Rxe1 24. Qxe1 Qd5 25. Qe2 Bc7 26. Nbc5 b6 27. Ne4 Nd7
28. f4 f5 29. Nxg5 hxg5 30. fxg5 Nde5 31. Nxe5 Nxe5 32. f4 Nf3+ 33. Kf2 Nxh2 34.
Qe8+ Kg7 35. Qe7+ Qf7 36. Qa3 Ng4+ 37. Ke1 Qe6+ 38. Kd1 a5 39. Qa4 Qd6 40. Qe8
Nf2+ 41. Ke2 Ne4 0-1

[Event "33rd Leon Blitz Open 2020"]
[Site "chess.com INT"]
[Date "2020.07.14"]
[Round "4"]
[White "Fedoseev, Vladimir3"]
[Black "Sanal, Vahap"]
[Result "1-0"]
[WhiteTitle "GM"]
[BlackTitle "GM"]
[WhiteElo "2678"]
[BlackElo "2581"]
[WhiteFideId "24130737"]
[BlackFideId "6300545"]
[EventDate "2020.07.14"]
[EventType "blitz"]

1. e4 e5 2. Nf3 Nc6 3. Bb5 a6 4. Ba4 Nf6 5. O-O Be7 6. Re1 b5 7. Bb3 O-O 8. c3
d6 9. d4 Bg4 10. Be3 Na5 11. Bc2 Nc4 12. Bc1 Bh5 13. b3 Nb6 14. Nbd2 c5 15. Bb2
Nfd7 16. Nf1 cxd4 17. cxd4 exd4 18. Ng3 Bxf3 19. Qxf3 Bf6 20. Nf5 Rc8 21. Bd3
Ne5 22. Qh3 d5 23. Bxd4 Nxd3 24. Qxd3 dxe4 25. Rxe4 Bxd4 26. Rxd4 Qf6 27. Rd1 g6
28. Nh6+ Kg7 29. Ng4 Qg5 30. h3 Rfe8 31. Rd6 Qc5 32. b4 Qxb4 33. Rxb6 Re1+ 34.
Rxe1 Qxe1+ 35. Kh2 Qa1 36. Qd5 h5 37. Ne5 Rc7 38. Qd6 Qc1 39. Qf6+ Kh7 40. Rb8 1-0

[Event "33rd Leon Blitz Open 2020"]
[Site "chess.com INT"]
[Date "2020.07.14"]
[Round "4"]
[White "Sahil, Tickoo"]
[Black "Baskin, Robert"]
[Result "0-1"]
[BlackTitle "IM"]
[WhiteElo "2245"]
[BlackElo "2390"]
[WhiteFideId "5019710"]
[BlackFideId "24662402"]
[EventDate "2020.07.14"]
[EventType "blitz"]

1. d4 Nf6 2. Bf4 d5 3. e3 c5 4. c3 Nc6 5. Nd2 e6 6. Ngf3 Bd6 7. Bg3 O-O 8. Bd3
b6 9. e4 Be7 10. e5 Nh5 11. Qe2 g6 12. a3 a5 13. h4 f5 14. exf6 Bxf6 15. Bb5
Nxg3 16. fxg3 Ne7 17. g4 Qd6 18. Bd3 Qg3+ 19. Qf2 Qxg4 20. O-O-O cxd4 21. cxd4
Ba6 22. Bxa6 Rxa6 23. Kb1 Nf5 24. Qe2 b5 25. Qxb5 Rd6 26. Ne5 Qxd4 27. Nd7 Rxd7
28. Nf3 Qe4+ 29. Ka1 Rd6 30. Rhe1 Qc4 31. Qb7 Rf7 32. Qb8+ Rd8 33. Qb6 Rd6 34.
Qb8+ Kg7 35. g4 Qxg4 36. Ng5 Bxg5 37. hxg5 Qxg5 38. Rg1 Qd8 39. Qb5 Qb6 40. Qd3
e5 41. Rg2 Ne3 42. Re1 0-1

[Event "33rd Leon Blitz Open 2020"]
[Site "chess.com INT"]
[Date "2020.07.14"]
[Round "4"]
[White "Kathmale, Sameer"]
[Black "Arjun, Kalyan"]
[Result "0-1"]
[WhiteTitle "IM"]
[BlackTitle "IM"]
[WhiteElo "2330"]
[BlackElo "2477"]
[WhiteFideId "5024498"]
[BlackFideId "35018701"]
[EventDate "2020.07.14"]
[EventType "blitz"]

1. e4 c5 2. Nf3 d6 3. Bb5+ Bd7 4. Bxd7+ Qxd7 5. O-O Nc6 6. c4 Nf6 7. Nc3 g6 8.
d4 cxd4 9. Nxd4 Bg7 10. Be3 Ng4 11. Nc2 Nxe3 12. Nxe3 O-O 13. Qc2 Rac8 14. Rad1
Ne5 15. b3 a6 16. f4 Ng4 17. Nxg4 Qxg4 18. Nd5 Rfe8 19. h3 Qh4 20. Qd3 e6 21.
Nb6 Rc6 22. Na4 Rb8 23. Nc3 b5 24. Ne2 bxc4 25. bxc4 Qd8 26. Kh2 Rbc8 27. e5 Bf8
28. Ng3 Qc7 29. Ne4 dxe5 30. Nf6+ Kg7 31. Qg3 Kxf6 32. fxe5+ Kg7 33. Rd3 Rxc4
34. Rdf3 f5 35. exf6+ Kf7 36. Qxc7+ R8xc7 37. Rd1 e5 38. Rd5 e4 39. Rf4 e3 40.
Rxc4 Rxc4 41. Kg3 Kxf6 42. Kf3 Ra4 43. Kxe3 Rxa2 44. Kf3 a5 45. Rd8 Be7 46. Rh8
h5 47. Ra8 a4 0-1